| 000 | 03082nam a2200337 a 4500 | ||
|---|---|---|---|
| 003 | OSt | ||
| 005 | 20250923142405.0 | ||
| 007 | cr ||||||a|a|a | ||
| 008 | 250825s2025 mx a|||fom||| 001 0 spa d | ||
| 040 | _erda | ||
| 100 | 1 |
_aVelázquez Velázquez, Alexa Ximena _9190970 |
|
| 245 | 1 | 0 |
_aSencibilidad de Colletotrichum gloeosporioides y Lasiodiplodia theobromae a diferentes fungicidas químicos / _cpor Alexa Ximena Velázquez Velázquez; director de tesis Santos Gerardo Leyva Mir; secretario Isabel Nativitas Lima; vocal Moisés Camacho Tapia; suplente Calixto Leopoldo Carrilo Fonseca; suplente Calendario Santillan Ortega. |
| 264 | 1 |
_aChapingo, México : _bEl autor, _c2025. |
|
| 300 |
_a1 recurso en línea (61 páginas): _bcuadros, figuras. |
||
| 336 |
_2rdacontent _atexto _btxt |
||
| 337 |
_2rdamedia _acomputadora _bc |
||
| 338 |
_2rdacarrier _arecurso en línea _bcr |
||
| 502 |
_bIAEPA _cParasitología _d2025. _gLIC |
||
| 504 | _aIncluye referencias bibliográficas:56-61 páginas . | ||
| 520 | _aEl cultivo de arándano ha adquirido relevancia en años recientes y presenta una gran demanda en el mercado. En México es uno de los cultivos más importantes debido al volumen de sus exportaciones y su significativo aporte económico. Sin embargo, su producción se puede ver mermada por la presencia de enfermedades fungosas. El objetivo de este estudio fue evaluar a cuatro fungicidas bajo condiciones in vitro en la inhibición del crecimiento micelial de Colletotrichum gloeosporioides y de Lasiodiplodia theobromae, causantes de antracnosis y muerte descendente, respectivamente. Se probaron cinco diferentes dosis de azoxystrobin, pyraclostrobin, benomilo y tiabendazol, más un testigo absoluto sin fungicida. Cada tratamiento tuvo cinco repeticiones y el diseño experimental fue completamente al azar. La medición se realizó cada 24 h hasta que el micelio en el testigo llenó la caja Petri. Utilizando un análisis de varianza y una comparación de múltiple de medias de Tukey (α=0.05) en el programa estadístico SAS se obtuvo que Colletotrichum gloeosporioides y Lasiodiplodia theobromae fueron sensibles a benomilo en casi todas sus dosis, siendo el porcentaje de inhibición de 71.88 y 77.39 %, respectivamente, con una dosis de 0.08 mg•L, y para C. gloeosporioides hasta un 91.25 % de inhibición con 0.1 mg•L. Por el contrario, ninguno de los otros fungicidas resultó efectivo aún en sus dosis más altas en ambos hongos. | ||
| 650 | 4 |
_aArándano _xEnfermedades por hongos _9191225 |
|
| 650 | 4 |
_aFungicidas _xAnálisis _944045 |
|
| 650 | 4 |
_aAntracnosis _xControl _9191226 |
|
| 700 | 1 |
_aLeyva Mir, Santos Gerardo _966581 _edirector. |
|
| 700 | 1 |
_aNativitas Lima, Isabel _9129577 _esecretario. |
|
| 700 | 1 |
_aCamacho Tapia, Moises _917710 _evocal. |
|
| 700 | 1 |
_aCarrillo Fonseca, Calixto Leopoldo _919482 _esuplente. |
|
| 700 | 1 |
_aSantillán Ortega, Candelario _9102429 _esuplente. |
|
| 856 |
_uhttp://10.13.5.2/tesis/tl/1712778-6_VELAZQUEZ_VELAZQUEZ_ALEXAXIMENA.pdf _zDESCARGAR PDF |
||
| 942 |
_2Clasificación Universidad Autónoma Chapingo _cTD |
||
| 999 |
_c220849 _d220849 |
||